| 000 | 00732nam a22002177a 4500 | ||
|---|---|---|---|
| 005 | 20140314144716.0 | ||
| 010 | _aENG-109457 | ||
| 020 |
_c240.00 _a9789350353547 |
||
| 035 | _aEN-92990 | ||
| 037 | _bDBAD/PUB | ||
| 082 | _a344.5401 | ||
| 100 | _aKumar, H.L. | ||
| 245 | 0 | 0 |
_aPractical guide to industrial employment (standing orders) : _cby H.L. Kumar [and] Gaurav Kumar _bact and rules / |
| 250 | _a5th ed | ||
| 260 |
_aDelhi _bUniversal Law Publishing _c2013 |
||
| 270 |
_aC-FF-1A, Dilkhush Industrial Estate, (Near Azadpur Metro Station) G.T. Karnal Road, _bDelhi _e110033 |
||
| 300 |
_axxii,190p. _c24cm(pbk) |
||
| 500 | _aIncludes index | ||
| 700 | _aGaurav Kumar | ||
| 942 |
_2ddc _cEN _mKUM _h344.5401 |
||
| 999 |
_c82735 _d82735 |
||